000 02164nka a2200385 i 4500
001 102994
003 ES-MaACL
005 20250820063038.0
007 t|
008 051223q1792 sp f | |r||1c|spa
100 1 _aCarattoni, Girolamo,
_d1749-ca. 1809
_eegr
_934971
245 1 0 _a[Sagrada Familia del roble]
_h[Material gráfico] /
_cJulio Romero lo pintó ; Leon Bueno lo dibujó ; Girolano Carattoni lo gravó
260 _a[S.l. :
_bs.n.,
_cca. 1792]
300 _a1 estampa :
_bgrabado calcográfico ;
_c590 x 400 mm
490 1 _aColección facticia de grabados ;
_v38
500 _aInscripción: "Este quadro de la Sacra Familia, pintado por Julio Romano, Discipulo de Rafael de Vrbino, tiene quatro pies de rey y quatro pulgadas de alto, y de ancho tres pies y cinco pulgadas. Está en el Real Palacio de Madrid"
500 _aEstampa perteneciente a la "Compañía para el grabado de los cuadros de los Reales Palacios", constituida en Madrid entre 1789-1797. En 1818 las planchas, estampas y dibujos pasaron a la Calcografía Nacional
530 _aDisponible en formato digital
594 _aTítulo tomado de la Calcografía Nacional
594 _aEstampa basada en un cuadro de Rafael Sanzio que en el siglo XVIII estuvo atribuido a Giulio Romano
650 7 _aSagrada Familia
_2embne
_916965
655 7 _aGrabados calcográficos
_2tgfbne
_9241761
655 7 _aGrabados
_2tgfbne
_9226846
655 4 _aReproducciones de obras de arte
_9241931
700 0 _aRaffaello,
_d1483-1520
_eart
_994962
700 0 _aGiulio Romano,
_d1499-1546
_eart
_957370
700 1 _aBueno, León,
_ds. XVIII
_edrm
_932380
830 0 _aColección facticia de grabados ;
_v38
_9184692
852 4 _aES-MaACL
_cDEPO2
_jGF-2(38)
856 4 _uhttps://www.academiacolecciones.com/estampas/inventario.php?id=GR-1463
_yVersión en línea
_z(Real Academia de Bellas Artes de San Fernando)
856 4 _uhttps://www.museodelprado.es/coleccion/obra-de-arte/sagrada-familia-del-roble/f7fbd32d-a240-4edb-a237-6206dd39292c
_yVersión en línea
_z(Museo del Prado)
942 _2udc
_cDIBGRB
_n0
999 _c102994
_d102994